[Event "London IM"]
[Site "London"]
[Date "2023.12.06"]
[Round "3"]
[White "Ribeiro, Gustavo"]
[Black "Cerveny, Martin"]
[Result "0-1"]
[WhiteElo "2187"]
[BlackElo "2390"]
[PlyCount "140"]
[EventDate "2023.12.05"]
[EventType "tourn"]
[EventRounds "9"]
[EventCountry "ENG"]
[SourceTitle "CB50_2023"]
[SourceDate "2023.12.13"]
[SourceVersion "1"]
[SourceVersionDate "2023.12.13"]
[SourceQuality "1"]
[WhiteTeam "Norm Seeker III"]
[BlackTeam "GM/IM Team"]
[WhiteTeamCountry "ENG"]
[BlackTeamCountry "ENG"]

1. e4 c5 2. Nf3 d6 3. Bb5+ Nd7 4. Ba4 Ngf6 5. 0-0 Rb8 6. c4 a6 7. Nc3 g6 8. d3 Bg7 9. Bf4 0-0 10. Qd2 Nh5 11. Bg5 f6 12. Be3 Ne5 13. Bd1 b5 14. Nxe5 fxe5 15. Bxh5 gxh5 16. b3 Qe8 17. a4 bxc4 18. bxc4 Bd7 19. f3 e6 20. Rfb1 Qd8 21. Rxb8 Qxb8 22. Rb1 Qc7 23. Qb2 Ra8 24. Qb7 Qxb7 25. Rxb7 Bc8 26. Rc7 Bf6 27. Bh6 Rb8 28. a5 Bb7 29. Ne2 h4 30. Rd7 Bd8 31. Rxd6 Bxa5 32. Rxe6 Kf7 33. Rxe5 Bc8 34. Bc1 Rb3 35. Rd5 Bb4 36. Rd8 Be6 37. h3 a5 38. f4 Ke7 39. Ra8 Rxd3 40. f5 Bxc4 41. Bg5+ Kd7 42. Nf4 Rd1+ 43. Kh2 Kc6 44. Bxh4 Bc3 45. Rc8+ Kb5 46. Ne6 a4 47. Rb8+ Kc6 48. Rc8+ Kb5 49. Rb8+ Ka5 50. Bg3 Bd4 51. Bc7+ Ka6 52. Rb6+ Ka7 53. Nd8 Be5+ 54. g3 Bxc7 55. Rb7+ Ka6 56. Rxc7 Rxd8 57. Rxc5 Rd2+ 58. Kg1 Bb3 59. Rc8 Kb7 60. Rc5 Kb6 61. Rc8 Rd7 62. Kf2 Rc7 63. Rb8+ Rb7 64. Ra8 Ra7 65. Rb8+ Kc5 66. f6 Kd4 67. g4 a3 68. Rxb3 a2 69. Ra3 Rxa3 70. f7 Ra8 0-1

[Event "Stare Mesto op"]
[Site "Stare Mesto"]
[Date "2023.08.13"]
[Round "9"]
[White "Cerveny, Martin"]
[Black "Babula, Vlastimil1111"]
[Result "1/2-1/2"]
[WhiteElo "2400"]
[BlackElo "2297"]
[PlyCount "94"]
[EventDate "2023.08.05"]
[EventType "swiss"]
[EventRounds "9"]
[EventCountry "CZE"]
[SourceTitle "EXT 2024"]
[Source "ChessBase"]
[SourceDate "2023.10.10"]
[SourceVersion "1"]
[SourceVersionDate "2023.10.10"]
[SourceQuality "1"]

1. Nf3 d5 2. c4 d4 3. e3 c5 4. b4 dxe3 5. fxe3 cxb4 6. a3 e6 7. d4 Nf6 8. Bd3 Nc6 9. Nbd2 Qa5 10. 0-0 Qh5 11. axb4 Bxb4 12. Bb2 Be7 13. Qe2 0-0 14. h3 Re8 15. Qf2 b6 16. Qg3 Bb7 17. Qh2 Qh6 18. Rae1 e5 19. g4 e4 20. g5 Qg6 21. Bb1 Bb4 22. d5 Na5 23. Kh1 Nh5 24. Rg1 b5 25. Ne5 Rxe5 26. Bxe5 Bxd2 27. Qxd2 Nxc4 28. Qd4 Qf5 29. Bh2 Bxd5 30. Ref1 Qe6 31. Rd1 Nb6 32. Rg4 f5 33. gxf6 Nxf6 34. Rg5 h6 35. Rg6 Kh7 36. Rdg1 Rg8 37. R1g3 Qf5 38. Kg1 Bc4 39. Rxf6 Qxf6 40. Qxe4+ g6 41. Rf3 Qg5+ 42. Rg3 Qf6 43. Rf3 Qc3 44. Be5 Qe1+ 45. Kh2 Qe2+ 46. Kg3 Bd5 47. Qxd5 Qe1+ 1/2-1/2

[Event "Pardubice rapid op 34th"]
[Site "Pardubice"]
[Date "2023.07.20"]
[Round "8"]
[White "Cerveny, Martin"]
[Black "Iniyan, Panneerseluam"]
[Result "0-1"]
[WhiteElo "2400"]
[BlackElo "2525"]
[PlyCount "120"]
[EventDate "2023.07.19"]
[EventType "swiss (rapid)"]
[EventRounds "9"]
[EventCountry "CZE"]
[SourceTitle "CBM 215 Extra"]
[Source "ChessBase"]
[SourceDate "2023.09.30"]
[SourceVersion "1"]
[SourceVersionDate "2023.09.30"]
[SourceQuality "1"]

1. d4 Nf6 2. Nf3 g6 3. g3 Bg7 4. Bg2 0-0 5. 0-0 d6 6. b3 c6 7. Bb2 Qa5 8. Qd2 Qf5 9. Nc3 h6 10. e4 Qh5 11. Nh4 e5 12. Ne2 Re8 13. dxe5 dxe5 14. Rae1 Na6 15. Ba3 Bg4 16. f3 Be6 17. f4 Rad8 18. Qc1 Bg4 19. fxe5 Bxe2 20. Rxf6 Bxf6 21. exf6 Qg5 22. Be7 Qxc1 23. Rxc1 Rd2 24. Bh3 Nc7 25. c4 Bd3 26. Re1 Rxa2 27. Bd7 Ra8 28. Ng2 g5 29. Ne3 Bxe4 30. Ng4 Bg6 31. Nxh6+ Kh7 32. Ng4 a5 33. Ne5 a4 34. bxa4 R8xa4 35. Nxg6 Kxg6 36. g4 Ne6 37. Rxe6 fxe6 38. Be8+ Kh7 39. f7 Ra1+ 40. Kf2 R4a2+ 41. Ke3 Rf1 42. Bxg5 Raf2 43. c5 Kg7 44. h4 Rg2 45. Bf4 Rxg4 46. Be5+ Kh7 47. Bd6 Rg7 48. f8Q Rxf8 49. Bxf8 Rg8 50. Bxc6 bxc6 51. Be7 Rg4 52. Kf3 Rc4 53. Ke3 Kg6 54. Kd3 Ra4 55. Ke3 Kf5 56. h5 Ra3+ 57. Kd4 Rh3 58. Kc4 Rxh5 59. Kb4 Ke4 60. Ka5 Ke5 0-1

[Event "Pardubice rapid op 34th"]
[Site "Pardubice"]
[Date "2023.07.20"]
[Round "4"]
[White "Chayka, Vitaliy"]
[Black "Cerveny, Martin"]
[Result "0-1"]
[WhiteElo "2185"]
[BlackElo "2400"]
[PlyCount "97"]
[EventDate "2023.07.19"]
[EventType "swiss (rapid)"]
[EventRounds "9"]
[EventCountry "CZE"]
[SourceTitle "CBM 215 Extra"]
[Source "ChessBase"]
[SourceDate "2023.09.30"]
[SourceVersion "1"]
[SourceVersionDate "2023.09.30"]
[SourceQuality "1"]

1. d4 Nf6 2. Bf4 d6 3. e3 Nbd7 4. Nf3 b6 5. h3 Bb7 6. Nbd2 g6 7. Be2 Bg7 8. 0-0 0-0 9. a4 a5 10. c3 Re8 11. Bh2 e5 12. dxe5 Nxe5 13. Nxe5 dxe5 14. Qc2 Qe7 15. Rfd1 Rad8 16. Bb5 Nd7 17. Nf3 Bxf3 18. gxf3 Qe6 19. Qe4 Bf8 20. f4 Qxh3 21. fxe5 Bg7 22. Qg2 Qe6 23. Qc6 Qg4+ 24. Qg2 Qf5 25. Rd4 Bxe5 26. Bxe5 Nxe5 27. Rf4 Qh5 28. Bxe8 Rxe8 29. Qg3 Nd3 30. Rh4 Qe2 31. Qh2 Ne5 32. Qg3 Nd3 33. Qh2 Ne5 34. Rf4 Nf3+ 35. Rxf3 Qxf3 36. Qxc7 Re4 37. Kf1 Kg7 38. Qh2 Rxe3 39. Qg2 Qe2+ 40. Kg1 Re4 41. f3 Qxg2+ 42. Kxg2 Re2+ 43. Kg3 Rxb2 44. Kf4 Rb3 45. Rc1 Ra3 46. Rb1 Rxc3 47. Rxb6 Rc4+ 48. Kg3 Rxa4 49. Rxg6+ 0-1

[Event "CZE-chT 2223"]
[Site "Czech Republic"]
[Date "2023.01.08"]
[Round "6.1"]
[White "Jurcik, Marian"]
[Black "Cerveny, Martin"]
[Result "1-0"]
[WhiteElo "2400"]
[BlackElo "2404"]
[PlyCount "125"]
[EventDate "2022.10.15"]
[EventType "team-tourn"]
[EventRounds "11"]
[EventCountry "CZE"]
[SourceTitle "CBM 213 Extra"]
[Source "ChessBase"]
[SourceDate "2023.05.31"]
[SourceVersion "1"]
[SourceVersionDate "2023.05.31"]
[SourceQuality "1"]
[WhiteTeam "Unichess"]
[BlackTeam "Lysa nad Labem"]
[WhiteTeamCountry "CZE"]
[BlackTeamCountry "CZE"]

1. e4 c5 2. Ne2 Nc6 3. d4 cxd4 4. Nxd4 d6 5. c4 Nf6 6. Nc3 g6 7. Be2 Bg7 8. Be3 0-0 9. f3 Bd7 10. Qd2 a6 11. 0-0 Re8 12. Rfd1 Rc8 13. Rac1 Qa5 14. Nb3 Qh5 15. c5 Be6 16. cxd6 Bxb3 17. axb3 exd6 18. Qxd6 Red8 19. Qg3 Qa5 20. Qf2 Qb4 21. Rxd8+ Nxd8 22. Bc4 b5 23. Na2 Qf8 24. Bf1 Ne6 25. Rxc8 Qxc8 26. Nc3 Bf8 27. e5 Nd7 28. f4 Bc5 29. g3 Qd8 30. Ne4 Bxe3 31. Qxe3 Qa5 32. h4 h5 33. Qd2 Qb6+ 34. Kh2 Qd4 35. Qxd4 Nxd4 36. Bh3 Nb8 37. Nc5 Kf8 38. Kg2 Ke7 39. Kf2 a5 40. Ke3 Nbc6 41. Bd7 Nf5+ 42. Bxf5 gxf5 43. Nb7 Ke6 44. Nd6 f6 45. Nxb5 fxe5 46. fxe5 Kxe5 47. Na3 f4+ 48. gxf4+ Kd5 49. Nc4 Ne7 50. Kd3 Ng6 51. Ne3+ Kc5 52. Ng2 Ne7 53. Ke4 Kb4 54. f5 Kxb3 55. f6 Ng6 56. Kf5 Nf8 57. Ne3 Kxb2 58. Nc4+ Kc3 59. Nxa5 Kd4 60. Nc6+ Kd5 61. Ne7+ Kd6 62. Ng6 Nh7 63. f7 1-0

[Event "Stare Mesto op"]
[Site "Stare Mesto"]
[Date "2022.08.14"]
[Round "3"]
[White "Husek, Martin"]
[Black "Cerveny, Martin"]
[Result "1-0"]
[WhiteElo "2192"]
[BlackElo "2411"]
[PlyCount "81"]
[EventDate "2022.08.12"]
[EventType "swiss"]
[EventRounds "9"]
[EventCountry "CZE"]
[SourceTitle "CBM 209 Extra"]
[Source "ChessBase"]
[SourceDate "2022.09.30"]
[SourceVersion "1"]
[SourceVersionDate "2022.09.30"]
[SourceQuality "1"]

1. e4 c5 2. Nf3 d6 3. d4 cxd4 4. Nxd4 Nf6 5. Nc3 a6 6. Bg5 e6 7. f4 Qc7 8. Qf3 b5 9. Bxf6 gxf6 10. a3 Bb7 11. 0-0-0 h5 12. f5 e5 13. Nb3 Nd7 14. Be2 Rc8 15. Kb1 h4 16. Rd3 Nb6 17. Na5 Ba8 18. Rhd1 Rg8 19. R3d2 Na4 20. Nxa4 Qxa5 21. Nc3 Rxc3 22. bxc3 Qxa3 23. Qe3 Qa5 24. Qa7 Bxe4 25. Bh5 Be7 26. Rxd6 Bxc2+ 27. Kb2 Bxd1 28. Qa8+ Bd8 29. Rxd1 b4 30. Qc6+ Kf8 31. Bxf7 Rh8 32. Qd7 Qa3+ 33. Kb1 b3 34. Rd2 Be7 35. Bc4 Kg7 36. Qe6 Rf8 37. Bxb3 Kh6 38. Qc4 e4 39. Rb2 Rb8 40. Qf7 Kg5 41. g3 1-0

[Event "Pardubice Czech op-E 33rd"]
[Site "Pardubice"]
[Date "2022.07.16"]
[Round "5.1"]
[White "Stalmach, Richard"]
[Black "Cerveny, Martin"]
[Result "1-0"]
[WhiteElo "2363"]
[BlackElo "2396"]
[PlyCount "105"]
[EventDate "2022.07.14"]
[EventType "team-swiss"]
[EventRounds "7"]
[EventCountry "CZE"]
[SourceTitle "CBM 209 Extra"]
[Source "ChessBase"]
[SourceDate "2022.09.30"]
[SourceVersion "1"]
[SourceVersionDate "2022.09.30"]
[SourceQuality "1"]
[WhiteTeam "Beskydy Chess School J"]
[BlackTeam "Brno Duras"]
[WhiteTeamCountry "CZE"]
[BlackTeamCountry "CZE"]

1. d4 d5 2. c4 c6 3. Nf3 Nf6 4. Nc3 a6 5. e3 b5 6. b3 Bg4 7. h3 Bxf3 8. gxf3 e6 9. c5 Be7 10. f4 a5 11. Bd3 g6 12. Qc2 Na6 13. a3 0-0 14. Bd2 Kh8 15. Ne2 Nc7 16. Ng1 Nce8 17. Nf3 Ng7 18. a4 b4 19. 0-0-0 Qc7 20. Rdg1 Nf5 21. Ne5 Nh5 22. h4 Bf6 23. Be2 Nfg7 24. Ng4 Be7 25. Rg2 Rac8 26. Qd1 Qd8 27. Kb1 Qe8 28. Rhg1 f6 29. Ka2 Nf5 30. Bd3 Qf7 31. Nh6 Nxh6 32. Rxg6 f5 33. Qxh5 hxg6 34. Rxg6 Qxg6 35. Qxg6 Rf6 36. Qh5 Kg7 37. Ba6 Rb8 38. Qe2 Rg6 39. Bb5 Rg2 40. Qf1 Rh2 41. Be1 Ng4 42. Be2 Rh8 43. f3 Bxh4 44. fxg4 Bxe1 45. Qxe1 Rh1 46. Qd2 fxg4 47. e4 R8h2 48. f5 Kf8 49. fxe6 Ke8 50. exd5 cxd5 51. c6 Kd8 52. Qg5+ Kc8 53. Qxg4 1-0

[Event "CZE-chT 2122"]
[Site "Czech Republic"]
[Date "2022.04.10"]
[Round "15.6"]
[White "Cerveny, Martin"]
[Black "Jurcik, Marian"]
[Result "1-0"]
[WhiteElo "2387"]
[BlackElo "2406"]
[PlyCount "107"]
[EventDate "2021.10.15"]
[EventType "team-tourn"]
[EventRounds "15"]
[EventCountry "CZE"]
[SourceTitle "EXT 2023"]
[Source "ChessBase"]
[SourceDate "2022.10.05"]
[SourceVersion "1"]
[SourceVersionDate "2022.10.05"]
[SourceQuality "1"]
[WhiteTeam "Brno Duras"]
[BlackTeam "Unichess"]
[WhiteTeamCountry "CZE"]
[BlackTeamCountry "CZE"]

1. Nf3 Nf6 2. d4 b6 3. g3 Bb7 4. Bg2 c5 5. dxc5 bxc5 6. c4 g6 7. 0-0 Bg7 8. Nc3 0-0 9. Qd3 Nc6 10. Bg5 d6 11. Qd2 Rb8 12. Rac1 Qa5 13. Rfd1 Rfe8 14. h3 Nd7 15. Bh6 Nce5 16. Bxg7 Nxf3+ 17. Bxf3 Kxg7 18. h4 Bxf3 19. exf3 Ne5 20. Qe2 Nc6 21. b3 Nd4 22. Qe3 h5 23. Kg2 Qa6 24. Rd3 Qb7 25. Ne4 a5 26. Rb1 a4 27. b4 Nf5 28. Qd2 cxb4 29. Rd5 f6 30. Rb5 Qc6 31. R1xb4 Rxb5 32. cxb5 Qb6 33. Nc3 a3 34. Nd5 Qc5 35. b6 Rb8 36. Ra4 Rb7 37. Qd3 e6 38. Nf4 Qxb6 39. Nxe6+ Kh7 40. Rxa3 Re7 41. Rb3 Qa7 42. Ra3 Qb6 43. Rb3 Qa7 44. Nf8+ Kg7 45. Nxg6 Kxg6 46. g4 hxg4 47. fxg4 Qa8+ 48. Kh2 Qe4 49. gxf5+ Kh5 50. Qxd6 Re5 51. Qxf6 Qf4+ 52. Kg2 Qe4+ 53. Rf3 Qg4+ 54. Kh2 1-0